000 00243nam a2200097Ia 4500
001 812713
005 20250826171605.0
008 250824s9999 xx 000 0 und d
245 0 _aKIRMIZI KAR YAĞINCA
_cHASAN KARAHİSAR
260 _bNAR YAYINLARI
999 _c812713
_d812713